| 000 | 00694nam a22002057a 4500 | ||
|---|---|---|---|
| 003 | OSt | ||
| 005 | 20250716075125.0 | ||
| 008 | 250716b |||||||| |||| 00| 0 eng d | ||
| 020 | _a 978-971-9905-82-0. | ||
| 040 |
_aDWCL - Main lib _cOC |
||
| 082 | _aFil. 910.45 L42i 2014 | ||
| 100 | _aLaxa, Nathaniel E. | ||
| 245 |
_aIntroduction to cruise line/ _cNathaniel E. Laxa |
||
| 260 |
_aManila : _bMindshapers Co., Inc. |
||
| 300 |
_a x, 164 pages : _bcolor illustrations ; _c26 cm. |
||
| 504 | _aIncludes bibliographical references. | ||
| 650 | _a1. Cruise lines - Study and teaching (Higher). | ||
| 650 | _a2. Shipping - STudy and teaching (Higher). | ||
| 942 |
_2ddc _cBK - FIL _kFil. _n0 |
||
| 999 |
_c3717 _d3717 |
||